00475nam a2200193 a 4500001001300000003000900013005001700022008004100039020000800080082001300088100002000101245002500121260003800146300000800184500003500192505001300227650002100240700002000261nice12345678IN_TiNIC20260116011801.0050524s1961 lona grp 000 0 eng  ac200a241bBEN aBennett, John C aChristian as Citizen aLondon bLutterworth Press c1961 a95p aincludes index and biblioraphy2 aGlossary aChristian-Ethics1 aBennett, John C